Statystyki dla gminy powiatu sochaczewskiego

Kliknij tutaj aby rozwiązać quiz!

Ogólne statystyki

  • Ten quiz został rozwiązany 60 razy
  • Średni wynik to 5 z 8

Odpowiedzi na mapie

Odpowiedzi skodowane kolorowo w zielono-czerwonej skali na mapie do tego quizu, zgodnie z poniższymi procentami.
 

Statystyki odpowiedzi

GminaOdpowiedź% Poprawnych
wiejskaSochaczew
93%
miejskaSochaczew
93%
wiejskaMłodzieszyn
74%
wiejska
Teresin
67%
wiejskaRybno
59%
wiejskaIłów
56%
wiejskaBrochów
52%
wiejska
Nowa Sucha
48%

Rozkład punktacji

Percentyl według liczby udzielonych odpowiedzi

Procent ludzi z każdym wynikiem

Twoja historia wyników

Nie rozwiązałeś tego quizu